| 000 | 00927nam a2200265Ia 4500 | ||
|---|---|---|---|
| 003 | OSt | ||
| 005 | 20220923221748.0 | ||
| 006 | a|||||r|||| 00| 0 | ||
| 007 | ta | ||
| 008 | 220922b |||||||| |||| 00| 0 hin d | ||
| 024 | _a199,892 | ||
| 037 | _cTextual | ||
| 040 |
_aARTS _cARTS _bhin |
||
| 041 |
_2hin _ahin |
||
| 082 | _aQ23:417x3,1, 152N1 | ||
| 100 |
_aइन्दिरा, नूपुर; वन्मीकनाथन, जी0 _9165644 |
||
| 245 | 0 | _aअप्पर | |
| 246 | _aAppara | ||
| 250 | _aसंस्क 2 | ||
| 260 |
_aनई दिल्ली _b साहित्य अकादेमी _c1991 |
||
| 300 |
_a96पृ. _ccm. |
||
| 490 | _aभारतीय साहित्य के निर्माता | ||
| 942 |
_hQ23:417x3,1, 152N1 _cTEXL _2CC |
||
| 999 |
_c351594 _d351594 |
||